000 00515nam a2200145Ia 4500
008 231129s1996||||xx |||||||||||||| ||spa||
020 _a958-612-258-1
040 _bspa
082 _a986.126 V732v
100 _aVillegas Botero Luis Javier
245 0 _aLas vias de legitimacion de un poder : la administracion presidida por Pedro Justo Berrio en el Estado Soberano de Antioquia 1864-1873
260 _c1996
264 _aInstituto Colombiano de Cultura
942 _2ddc
_cBKS
999 _c19013
_d19013